Statistics for U.S. States by Roadside Attractions

Click here to take the quiz!

General Stats

  • This quiz has been taken 160 times
  • The average score is 9 of 16

Answer Stats

Answer% Correct
California
84%
Utah
80%
South Dakota
67%
Arkansas
65%
Maine
65%
Nebraska
62%
Kentucky
60%
New Jersey
56%
Arizona
53%
Michigan
53%
Minnesota
51%
Texas
51%
Illinois
45%
Georgia
38%
Colorado
33%
Montana
33%

Score Distribution

Percentile by Number Answered

Percent of People with Each Score

Your Score History

You have not taken this quiz